000 00805nam a2200193Ia 4500
003 LDD
008 190117s9999 xx 000 0 und d
020 _a9788173094477
_c₹200
040 _cLDD
041 _ahi
082 _a8H4.7 आ4804
100 _aअज्ञेय, सच्चिदानंद हीरानंद वात्स्यायन
245 0 _aआधुनिक हिन्दी साहित्य
_cसच्चिदानंद हीरानंद वात्स्यायन अज्ञेय
260 _aनई दिल्ली
_bसस्ता साहित्य मंडल
_c2010
300 _a159पृ.
901 _aKGP
904 _aReqst by : Rita Rani Paliwal
942 _2ddc
_cH
999 _c154292
_d154292